Fusing Fabric (Record no. 7249)

MARC details
000 -LEADER
fixed length control field 00574nam a2200205Ia 4500
005 - DATE AND TIME OF LATEST TRANSACTION
control field 20230601112406.0
008 - FIXED-LENGTH DATA ELEMENTS--GENERAL INFORMATION
fixed length control field 220524s9999 xx 000 0 und d
020 ## - INTERNATIONAL STANDARD BOOK NUMBER
International Standard Book Number 9780713489569
041 ## - LANGUAGE CODE
Language code of text/sound track or separate title eng
082 ## - DEWEY DECIMAL CLASSIFICATION NUMBER
Classification number 746
100 ## - MAIN ENTRY--PERSONAL NAME
Author Beal Margaret
245 ## - TITLE STATEMENT
Title Fusing Fabric
260 ## - PUBLICATION, DISTRIBUTION, ETC.
Name of publisher, distributor, etc. Batsford
300 ## - PHYSICAL DESCRIPTION
Extent 128
520 ## - SUMMARY, ETC.
Summary, etc. Chapter One Mark-Making, Cutting & Bonding<br/>Chapter Two Machine Stitching<br/>Chapter Three Three-Dimensional Effects<br/>Chapter Four Other Materials<br/>
650 ## - SUBJECT ADDED ENTRY--TOPICAL TERM
Topical term or geographic name entry element Textile
942 ## - ADDED ENTRY ELEMENTS (KOHA)
Koha item type Books
906 ## - LOCAL DATA ELEMENT F, LDF (RLIN)
a 984
Holdings
Withdrawn status Lost status Damaged status Not for loan Home library Current library Date acquired Vendor Net Price Total Checkouts Full call number Barcode Date last seen Actual Price Bill Date Koha item type Original Barcode
        School of Fashion Technology School of Fashion Technology 22/08/2007 Book Land 1631.25   746 SOFT-BK-2805 08/07/2022 1305.00 08/07/2022 Books 002805